| 000 | 01001nam a2200301 a 4500 | ||
|---|---|---|---|
| 001 | C01487372c-7 | ||
| 003 | CO-ViMGA | ||
| 005 | 20230915234237.0 | ||
| 008 | 110214s2009 sp a gr 0001f spa d | ||
| 020 | _a9788496601321 | ||
| 040 |
_aCO-ViMGA _bspa _cCO-ViMGA |
||
| 041 | 1 | _heng | |
| 043 | _an-us--- | ||
| 082 | 0 | 4 |
_a813.4 _bJ15p8 _219 |
| 100 | 1 |
_aJames, Henry, _d1843-1916. _96262 |
|
| 245 | 1 | 3 |
_aEl protector (vigilancia y custodia) / _cHenry James ; traducción de Celia Turrión y max Lacruz. |
| 260 |
_aMadrid : _bEditorial Funambulista, _c2009. |
||
| 300 |
_a246 páginas ; _c23 cm. |
||
| 490 | 1 | _aColección Grandes Clásicos | |
| 534 |
_pTítulo original : _tWatch and ward. |
||
| 650 | 1 | 4 |
_aBurguesía _v Novela. _96226 |
| 650 | 1 | 4 |
_aNovela estadounidense. _92233 |
| 650 | 1 | 4 |
_aNovela psicológica. _93826 |
| 650 | 1 | 4 |
_aRelaciones de pareja _v Novela. _92437 |
| 700 | 1 |
_aLacruz, Max, _etraductor. _96264 |
|
| 700 | 1 |
_aTurrión, Celia, _etraductor. _96263 |
|
| 942 |
_2ddc _cBK |
||
| 999 |
_c37484 _d37484 |
||